| 000 | 00763nam a2200229 i 4500 | ||
|---|---|---|---|
| 001 | bg | ||
| 245 | 0 | 0 |
_aMatematyka dla wydziałów budowlanych i mechanicznych. _nT. 1 / _coprac. zespół A. Hać [et al.] ; pod red. Edwarda Otto. |
| 260 |
_aWarszawa : _bPaństwowe Wydawnictwo Naukowe, _c1978. |
||
| 300 |
_a354 s. : _brys., wykr. ; _c24 cm. |
||
| 504 | _aIndeks. | ||
| 650 | 4 | _aMatematyka | |
| 650 | 4 | _aPodręczniki akademickie | |
| 700 | 1 | _aHać, Aleksander. | |
| 700 | 1 |
_aOtto, Edward _d(1908-1986). _eRed. |
|
| 040 | _cBPK | ||
| 041 | 0 | _apl | |
| 080 | _a51 | ||
| 080 | _a(075.8) | ||
| 942 | _cKS | ||
| 008 | s pl f |000 0 pol | ||
| 856 |
_uhttp://koha.tu.koszalin.pl/cgi-bin/koha/opac-detail.pl?biblionumber=25243 _yKatalog online BPK |
||
| 999 |
_c25243 _d25243 |
||